Normal view
MARC view
- الجيولوجيا الهندسية
Entry Topical Term
001 - CONTROL NUMBER
- control field: 15803
003 - CONTROL NUMBER IDENTIFIER
- control field: JO-AjAnu
005 - DATE AND TIME OF LATEST TRANSACTION
- control field: 20230606072824.0
008 - FIXED-LENGTH DATA ELEMENTS
- fixed length control field: 230606|| aca||aabn | a|a d
040 ## - CATALOGING SOURCE
- Original cataloging agency: JO-AjAnu
- Transcribing agency: JO-AjAnu
150 ## - HEADING--TOPICAL TERM
- Topical term or geographic name entry element: الجيولوجيا الهندسية
670 ## - SOURCE DATA FOUND
- Source citation: Work cat.: (JO-AjAnu)8115: ثابت، كنانة محمد/ م مشارك: رياض حامد الدباغ،يوسف عمرو, author 15802, مبادئ الجيولوجيا الهندسية